00942nas a2200253Ia 4500001002800000003001000028008004100038040002500079041001200104100001700116210003800133222003800171240007400209245007400283250001100357260000900368501012300377300001600500362002700516500007500543650003400618700001800652700001800670A50/R184-26680 [r000020390]IT-MiCISF161014c99999999xx |||||||||||| ||und|| aIT-MiCISFcIT-MiCISF aINGLESE aHowell Susan aJournal of Divorce and Remarriage aJournal of Divorce and Remarriage aGender and Age Differences in Child Adjustment to Parental Separation 0aGender and Age Differences in Child Adjustment to Parental Separation a1a ed. c1997 bCISF - Centro Internazionale Studi Famiglia - Via Giotto, 36 20145 MILANO (non commercial uses only)cCopyright 2016 app. 141-158 avol. 27, n. 3-4 [1997] a Tema: differenza-sessuale, figli-divorzio, separazione, comportamento aFAMIGLIA - divorziovarticolo a Brown Joseph a Portes Pedro